Yankees Retired Numbers (Click Quiz) - Statistics

General Stats
  • This quiz has been taken 433 times
  • The average score is 13 of 24
Answer Stats
Hint Answer % Correct
#3 Babe Ruth
80%
#2 Derek Jeter
78%
#42 (Retired by all teams) Jackie Robinson
78%
#7 Mickey Mantle
76%
#42 Mariano Rivera
72%
#4 Lou Gehrig
68%
#1 Billy Martin
57%
#5 Joe DiMaggio
57%
#8 (1946-1963, 1965) Yogi Berra
57%
#51 Bernie Williams
54%
#46 Andy Pettite
53%
#44 Reggie Jackson
52%
#23 Don Mattingly
51%
#21 Paul O'Neill
50%
#6 Joe Torre
49%
#20 Jorge Posada
47%
#9 Roger Maris
47%
#15 Thurman Munson
44%
#8 (1928-1943) Bill Dickey
43%
#16 Whitey Ford
40%
#10 Phil Rizzuto
39%
#49 Ron Guidry
36%
#37 Casey Stengel
33%
#32 Elston Howard
33%
No matching quizzes found
Score Distribution
Percent of People with Each Score
Percentile by Number Answered
Your Score History
You have not taken this quiz